| 000 | 00000nam##2200000za#4500 |
| 001 | 9.640877 |
| 003 | CaOODSP |
| 005 | 20230201095211 |
| 007 | cr ||||||||||| |
| 008 | 150407|2006||||xxc|||||o f|0| 0 fre|d |
| 040 | |aCaOODSP|bfre |
| 043 | |an-cn--- |
| 086 | 1 |aPS64-93/2006F-PDF |
| 110 | 2 |aGendarmerie royale du Canada. |
| 245 | 10|aÉvaluation du renseignement stratégique - Stratégie fédérale de lutte contre le tabagisme (SFLT), janvier-décembre 2006 : |h[ressource électronique]|ble marché du tabac illicite au Canada / |c[par] GRC Renseignements criminels. |
| 260 | |bGendarmerie royale du Canada |c2006. |
| 300 | |a14p.|bfigures |
| 590 | |a12-40-Supp|b2012-10-23 |
| 691 | 07|aCrime économique|2gcpds |
| 775 | 08|tStrategic intelligence assessment - Federal Tobacco Control Strategy (FTCS), January-December 2006 : |w(CaOODSP)9.696769 |
| 856 | 40|ahttp://publications.gc.ca|qPDF|s2.86 Mo|uhttps://publications.gc.ca/collections/collection_2012/grc-rcmp/PS64-93-2006-fra.pdf |